000 00780nam a22002057a 4500
999 _c8955
_d8955
003 AR-CdUCM
008 190327b ||||| |||| 00| 0 spa d
040 _aMUNICIPALIDAD PROVINCIAL DEL CUSCO
_cBIBLIOTECA MUNICIPAL DEL CUSCO
082 _a869.568 /
_bV19
100 _aValdelomar, Abraham
_9928
245 _aEnsayo sobre la psicología del gallinazo y otras narraciones :
_by otras narraciones /
260 _aLima :
_bBendezu,
_c1971.
300 _a76 páginas ;
_c17 cm.
505 _aColonida y Valdelomar -- Ensayo sobre la psicología del gallinazo -- El caballero carmelo -- El vuelo de los cóndores -- Yerba santa ...
650 _aEnsayos peruanos
_9233
650 _aCuentos peruanos
_97
650 _aPoesías peruanas
_91481
942 _2ddc
_cLIBROS
945 _aacv